Discrete and Computational Geometry and Graphs : 16th Japanese Conference, JCDCGG 2013, Tokyo, Japan, September 17–19, 2013 : Revised Selected Papers /

Selección de ponencias presentadas en la décima sexta Conferencia Japonesa sobre Geometría y Gráficos Discretos y Computacionales, celebrada en Tokio, Japón, en septiembre de 2013. Los artículos abordan avances realizados en el campo de la geometría computacional, gráficos por computadora, matemátic...

Descripción completa

Guardado en:
Detalles Bibliográficos
Autor corporativo: Japanese Conference on Discrete and computational Geometry and Graphs ( Tokio, Japón)
Otros autores: Akiyama, Jin (edición) (edición), Ito, Hiro (edición) (edición), Sakai, Toshinori (edición) (edición)
Formato: Procedimiento de la conferencia Libro
Idioma:Inglés
Publicado: Cham, Suiza : Springer, 2014, c2014
Colección:(Lecture Notes in Computer Science ; 8845)
Temas:
Acceso en línea:Ver documento en línea
Etiquetas: Agrega una etiqueta
Sin etiquetas, Sé el primero en etiquetar este registro!

MARC

LEADER 00000nam^a2200000^a^4500
001 000554919
005 20251023000000.0
009 20260310131707.207
020 |a 978-3-319-13287-7 
037 |a Acervo ITESO - Biblioteca 
041 |a ING 
082 |a Libro en línea 
111 |a Japanese Conference on Discrete and computational Geometry and Graphs (  |n 16a :  |d 2013 :  |c Tokio, Japón) 
245 1 0 |a Discrete and Computational Geometry and Graphs :  |b 16th Japanese Conference, JCDCGG 2013, Tokyo, Japan, September 17–19, 2013 : Revised Selected Papers /  |c Ed. de J. Akiyama, H. Ito, T. Sakai. 
264 4 |a Cham, Suiza :  |b Springer,  |c 2014, c2014 
264 2 |a Cham, Suiza :  |b Springer Link [distribución],  |c 2014, c2014 
300 |a 1 libro electrónico en línea (VIII, 191 p.) 
300 |a 1 recurso en línea 
336 |a datos para computadora  |b cod  |2 rdacontenido 
337 |a computadora  |b c  |2 rdamedio 
338 |a recurso en línea  |b cr  |2 rdasoporte 
440 1 |a (Lecture Notes in Computer Science ;  |v 8845) 
506 0 |a Licencias ilimitadas 
520 |a Selección de ponencias presentadas en la décima sexta Conferencia Japonesa sobre Geometría y Gráficos Discretos y Computacionales, celebrada en Tokio, Japón, en septiembre de 2013. Los artículos abordan avances realizados en el campo de la geometría computacional, gráficos por computadora, matemáticas discretas en informática, algoritmos y teoría de grafos. 
649 |a XX 
650 |a Teoría de Grafos 
650 |a Algoritmos 
650 |a Diagramas de Flujo 
650 |a Diagramas Numéricos 
650 |a Gráficas por Computadora 
650 |a Infografía 
650 |a Organigrama 
650 |a Métodos Gráficos -  |x Congresos -  |x Tema Principal 
650 |a Métodos Gráficos -  |x Tema Principal 
650 |a Matemáticas Discretas 
650 |a Ingeniería Computacional 
700 |a Akiyama, Jin  |e (edición) 
700 |a Ito, Hiro  |e (edición) 
700 |a Sakai, Toshinori  |e (edición) 
856 4 0 |u https://link-springer-com.ezproxy.iteso.mx/10.1007/978-3-319-13287-7  |y Ver documento en línea 
910 |a Fondo General 
920 |a Electrónicos - Libros en Línea 
930 |a Plataforma Digital 
905 |a 205 
901 |a 554919-1  |b IT2  |c EBO  |i C  |u 20250521 
902 |a https://opac.biblio.iteso.mx/vufind/Record/000554919